00685nam a2200205Ia 450000500170000000800410001702000150005804000180007304100080009110000190009924501050011826000600022330000180028349000270030150400270032865000500035565000350040565000250044065000140046520211111075704.0130821s2006 ag gr spa  a9501265579 aCo-BoUCMbspa00aspa1 aBitler, Judith10aVida precariacl poder del duelo y la violenciacJudith Butler ;traducción de Fermín Rodríguez aBuenos Aires (Argentina)b[Editorial desconocida]c2006 a192 páginas aEspacios del Saberv57 aIncluye bibliografía04aConflictos internacionalesvAspectos sociales04aSoberaníavAspectos sociales04aViolencia política04aViolencia